| 000 | 00459nam a2200157Ia 4500 | ||
|---|---|---|---|
| 008 | 170224s9999 xx 000 0 und d | ||
| 100 | _aFlorian Schneider | ||
| 245 | _aChina’s ‘info-web’: How Beijing governs online political communication about Japan | ||
| 245 | _cFlorian Schneider | ||
| 260 | _bNew Media & Society | ||
| 260 | _cDecember | ||
| 300 | _a18:11 | ||
| 500 | _aDecember | ||
| 650 | _xCommunication Arts | ||
| 650 | _xMultimedia Arts | ||
| 999 |
_c316187 _d316187 |
||